| 000 | 00684cam a22002053a 4500 | ||
|---|---|---|---|
| 001 | 44349 | ||
| 003 | PGUSA | ||
| 005 | 20140828084019.0 | ||
| 008 | 131205s2013||||xxu|||||s|||||000 | eng d | ||
| 040 |
_aPGUSA _beng |
||
| 042 | _adc | ||
| 100 | 1 | _aEvans, Henry Ridgely | |
| 245 | 1 | 0 |
_aHours with the Ghosts or, Nineteenth Century Witchcraft : _bIllustrated Investigations into the Phenomena of Spiritualism and Theosophy _h[electronic resource] / _cHenry Ridgely Evans |
| 260 |
_bProject Gutenberg, _c2013 |
||
| 506 | _aPublic domain in the USA. | ||
| 516 | _aElectronic text | ||
| 830 | 0 |
_aProject Gutenberg _v44349 |
|
| 856 | 4 | 0 | _uhttp://www.gutenberg.org/ebooks/44349 |
| 942 | _cEB | ||
| 999 |
_c273600 _d273600 |
||